Регионална библиотека "Любен Каравелов" - Русе

Американска военна история (Запис номер 86166)

MARC детайли
000 -Лидер
Контролно поле с фиксирана дължина 01778nam a2200397 c 4500
003 - Код на организацията, давaща контролен номер
Контролно поле BLK
005 - Дата и час на последна редакция
Контролно поле 20221010093243.0
008 - Елементи от данни с фиксирана дължина
fixed length control field 180408b bul|||||r ||||||| ||bul||
010 ## - Наследен системен номер
LC control number KNG00090786000
020 ## - Международен стандартен номер на книга ISBN
Международен стандартен номер на книга ISBN 978-954-509-422-2
-- издат.: Воен. изд. - на том(т. 2)
040 ## - Източник на каталожния запис
Идентификатор на билиотеката - собственик на записа BLK
041 ## - Код за език
Код за езика на текст/звукозапис или на отделно заглавие Български
Код за езика КДБФ Български
072 #7 - Код за тематичната категория
Код организация bullib
Код за тематична категория Н35
Текст Обществено управление. Военни науки Н
080 ## - УДК
Текстов определител УДК Военна история - Военни походи, битки, героични подвизи. Вж и 93/99
УДК код - определител по УДК 355.48
УДК определител (73)
УДК - код + определител 355.48(73)
139 ## - Редно поле
Редна дума Американска военна история
Авторски знак Аме - А 61
245 10 - Сведения за заглавието
Заглавие Американска военна история
Подзаглавни данни Т. 1 -
Редно поле (дума) под ред. на Морис Матлоф; прев. от англ. Адриана Николова Момчилова.
Том Т. 2
Заглавие на том 1902 - 1996
250 ## - Област на изданието
Сведения за изданието Ново, прераб. изд.
257 ## - Страна на издаване
Страна на създаване/издаване Съединени американски щати
260 ## - Област на издателските данни
-- София
Година на издаване 2010 -
300 ## - Физическа характеристика
Размери/Мащаб 25 см
380 ## - Жанр
Жанр Обществени науки
500 ## - Общи забележки
Забележка Ориг. загл. American Military History.
650 #4 - Допълнително описание по предмет – тема
Основно описание – тема или топоним Военна история - САЩ
9 (RLIN) 301883
651 #4 - Допълнително описание по предмет - топоним
Географско понятие САЩ
9 (RLIN) 179493
653 ## - Ключова дума – ненормативна
Ключова дума военна история
653 ## - Ключова дума – ненормативна
Ключова дума САЩ
659 ## - Тематичен бюлетин
Тематичен бюлетин Н
700 1# - Други автори (авторска отговорност)
Лично име Матлоф, Морис
Автороска отговорност (Описва отношението между автора и произведението) под ред. на
9 (RLIN) 94292
700 1# - Други автори (авторска отговорност)
Лично име Момчилова, Адриана Николова
9 (RLIN) 370969
760 1# - Описание на основната серия
-- - на том(т. 2)
Издание Ново, прераб. изд.
Място на издаване, издател и година Воен. изд., 2010
Страници - том 456 с. : с цв. ил., к.
Забележка - том Азб. показалец. - Библиогр. с. 413-428.
Заглавие Т. 2 1902 - 1996
852 ## - Местоположение
Форматна сигнатура Цб 254570
856 4# - Електронен адрес и достъп
Електронен формат pdf - файл
Път до файла /url/
856 4# - Електронен адрес и достъп
Електронен формат pdf - файл
Път до файла /url/
942 ## - АРТИКУЛИ
Вид на библиотечния материал Книги
Скрит в OPAC Не
944 ## - СЪЗДАВАНЕ И РЕДАКЦИЯ на ЗАПИСА
Създаване/Редакция Създаване
Дата на регистрацията/редакция 14.08.2012
Статус, дата на статуса ф /
Служител, извършил регистрацията/редакцията Милена_Ачева
944 ## - СЪЗДАВАНЕ И РЕДАКЦИЯ на ЗАПИСА
Създаване/Редакция Редакция
Дата на регистрацията/редакция 13.02.2013
Статус, дата на статуса ф /
Служител, извършил регистрацията/редакцията
999 ## - СИСТЕМНИ КОНТРОЛНИ НОМЕРА
Koha biblionumber 86166
Koha biblioitemnumber 86166
Наличности
Код за отписване Код за изгубен артикул Код за повреда Коз за рестрикции Код за отдаване Артикулен № Име на библиотеката - собственик Име на библиотеката, в която се намира в момента Статус (Текущо местоположение) Дата на вписване в системата Местоположение - отдел Цена в лева Инвентарен номер Систематично азбучна сигнатура Баркод Номер на екземпляра Цена в евро Служебна бележка Служебен тип на артикула
  Не е изгубен Не е повреден без рестрикции ползва се в читалня 139571 Регионална библиотека "Любен Каравелов" Русе Регионална библиотека "Любен Каравелов" Русе Хранилище 2012-08-14 Хранилище 22.00 120000759168 Цб 254570 120000759168 1 11.25 Дост: Dp Вид: Д N: 26 Дата: 29.06.2011 Книги
Vip Innovations Ltd, Rousse, Bulgaria 2025